Professio Fidei Catholicae Ex Sacra Scriptura Et Antiquitate Illustrata Atque Contra Haereses Adversas Vindicata

Podrobná bibliografia
Hlavný autor: Véron, François, 1575-1649 (Autor)
Médium: Kniha
Jazyk:latinčina
Fyzický popis:92, [4] s. 17 cm
Vydavateľské údaje: Posonii Apud Aloysium Doll et Schwaiger Bibl. MDCCLXXXVII. [=1787]
Vydanie:Editio Novissima
Predmet:

MARC

LEADER 00000cam a2200000 a 4500
001 vtls001409800
003 SK-MaSNL
005 20260301162107.0
008 240226s1787 xo lat
015 |a SNBHFA 
035 |a SNK000364488 
035 |a 411E1F01-178C-4948-9DE0-D5269B2A4E5B 
035 |a urn:nbn:sk:snk-am00iez5 
040 |a SNKHFA  |b slo  |c SNKHFA  |e AACR2 
041 0 |a lat 
044 |a xo  |c SK 
072 7 |a 2  |x Náboženstvo  |2 konspekt 
080 |a 2-284  |2 2011 
100 1 |a Véron, François,  |d 1575-1649  |4 aut  |9 462990 
245 1 0 |a Professio Fidei Catholicae  |b Ex Sacra Scriptura Et Antiquitate Illustrata Atque Contra Haereses Adversas Vindicata  |c Authore Francisco Veronio SS. Theologiae Doctore, Ecclesiaste Regio, Et Scriptore A Clero Gallicano In Controversiis Deputato 
250 |a Editio Novissima 
260 |a Posonii  |b Apud Aloysium Doll et Schwaiger Bibl.  |c MDCCLXXXVII. [=1787]  |e [b. m.]  |f [b. n.] 
300 |a 92, [4] s.  |c 17 cm 
500 |a Vlys. Zložky. Kustody 
501 |a Príväzok 1. k: VÉRON, François. Regula Fidei Catholicae. Posonii : Sumtibus Michaelis Benedict, 1787.  |5 SNK SD 13449/prív.1 
504 |a Neživé záhlavie 
610 2 7 |a Rímskokatolícka cirkev  |2 SNKKA  |9 32394 
650 0 7 |a dogmatická teológia  |2 SNKPH  |9 1805 
700 1 |a Doll, Alojz,  |d asi 1740-po 1817  |4 bsl  |4 pbl  |9 206804 
700 1 |a Schwaiger, Andrej,  |d narodený 1760  |4 bsl  |4 pbl  |9 206868 
752 |a Slovensko  |d Bratislava 
852 |a Slovenská národná knižnica  |b Historické fondy  |p SD 13349 ; SD 13449/prív.1 
958 |a ONDV 
958 |a DD 
999 |c 811981  |d 813911 
952 |a SNK  |b SNK  |y PREZ  |7 0  |p 17A0956381  |o snkSD 13349  |i snkKSF 2859/57  |8 5  |0 0  |1 0  |4 0  |d 2023-11-21  |l 0  |r 2025-11-26 00:00:00  |w 2026-02-24 
952 |a SNK  |b SNK  |y PREZ  |7 0  |p 17A1398044  |o snkSD 13449/prív.1 D4  |i snkF 2155/82  |8 5  |0 0  |1 0  |4 0  |d 2021-09-27  |l 0  |r 2026-02-24 02:39:13  |w 2026-02-24 
952 |a SNK  |b SNK  |y PREZ  |7 0  |p 17A1398040  |o snkSD 13449/prív.1  |i snk3663/57  |0 0  |1 0  |4 0  |d 2001-03-20  |f 1  |l 0  |r 2025-11-26 00:00:00  |w 2026-02-24 
952 |a SNK  |b SNK  |y PREZ  |7 0  |p 17A1487114  |o snkSD 13349 D1  |i snkKSF 3358/57  |8 5  |0 0  |1 0  |4 0  |d 2001-03-20  |l 0  |r 2005-01-02 00:00:00  |w 2026-02-24 
952 |a SNK  |b SNK  |y PREZ  |7 0  |p 17A1487113  |o snkSD 13349 D2  |i snkKSF 241/77  |8 5  |0 0  |1 0  |4 0  |d 2001-03-20  |l 0  |r 2005-01-02 00:00:00  |w 2026-02-24 
952 |a SNK  |b SNK  |y PREZ  |7 0  |p 17A1487112  |o snkSD 13349 D3  |i snkF 3655/82  |8 5  |0 0  |1 0  |4 0  |d 2001-06-01  |l 0  |r 2005-01-02 00:00:00  |w 2026-02-24